|
|
|
|
| LEADER |
03287nam a2200565 4500 |
| 001 |
978-3-319-91800-6 |
| 003 |
DE-He213 |
| 005 |
20191021201119.0 |
| 007 |
cr nn 008mamaa |
| 008 |
180518s2018 gw | s |||| 0|eng d |
| 020 |
|
|
|a 9783319918006
|9 978-3-319-91800-6
|
| 024 |
7 |
|
|a 10.1007/978-3-319-91800-6
|2 doi
|
| 040 |
|
|
|d GrThAP
|
| 050 |
|
4 |
|a QA76.9.C643
|
| 050 |
|
4 |
|a TK5105.5-5105.9
|
| 072 |
|
7 |
|a UT
|2 bicssc
|
| 072 |
|
7 |
|a COM043000
|2 bisacsh
|
| 072 |
|
7 |
|a UT
|2 thema
|
| 082 |
0 |
4 |
|a 004.6
|2 23
|
| 245 |
1 |
0 |
|a Designing for a Digital and Globalized World
|h [electronic resource] :
|b 13th International Conference, DESRIST 2018, Chennai, India, June 3-6, 2018, Proceedings /
|c edited by Samir Chatterjee, Kaushik Dutta, Rangaraja P. Sundarraj.
|
| 250 |
|
|
|a 1st ed. 2018.
|
| 264 |
|
1 |
|a Cham :
|b Springer International Publishing :
|b Imprint: Springer,
|c 2018.
|
| 300 |
|
|
|a XIII, 379 p. 101 illus.
|b online resource.
|
| 336 |
|
|
|a text
|b txt
|2 rdacontent
|
| 337 |
|
|
|a computer
|b c
|2 rdamedia
|
| 338 |
|
|
|a online resource
|b cr
|2 rdacarrier
|
| 347 |
|
|
|a text file
|b PDF
|2 rda
|
| 490 |
1 |
|
|a Information Systems and Applications, incl. Internet/Web, and HCI ;
|v 10844
|
| 505 |
0 |
|
|a HCI and Design -- Design Foundations -- Design in Healthcare -- Advances in Data Science and Analytics -- ICT for Development -- Designing Cybersecurity -- Design Applications.
|
| 520 |
|
|
|a This book constitutes the proceedings of the 13th International Conference on Design Science Research in Information Systems and Technology, DESRIST 2018, held in June 2018 in Chennai, India. The 24 full papers presented in this volume were carefully reviewed and selected from 96 papers. The contributions are organized in topical sections named: HCI and Design, Design Foundations, Design Foundations, Design in Healthcare, Advances in Data Science and Analytics, ICT for Development, Designing Cybersecurity, and Design Applications.
|
| 650 |
|
0 |
|a Computer organization.
|
| 650 |
|
0 |
|a Application software.
|
| 650 |
|
0 |
|a Artificial intelligence.
|
| 650 |
|
0 |
|a Computer security.
|
| 650 |
1 |
4 |
|a Computer Systems Organization and Communication Networks.
|0 http://scigraph.springernature.com/things/product-market-codes/I13006
|
| 650 |
2 |
4 |
|a Information Systems Applications (incl. Internet).
|0 http://scigraph.springernature.com/things/product-market-codes/I18040
|
| 650 |
2 |
4 |
|a Artificial Intelligence.
|0 http://scigraph.springernature.com/things/product-market-codes/I21000
|
| 650 |
2 |
4 |
|a Systems and Data Security.
|0 http://scigraph.springernature.com/things/product-market-codes/I28060
|
| 700 |
1 |
|
|a Chatterjee, Samir.
|e editor.
|4 edt
|4 http://id.loc.gov/vocabulary/relators/edt
|
| 700 |
1 |
|
|a Dutta, Kaushik.
|e editor.
|4 edt
|4 http://id.loc.gov/vocabulary/relators/edt
|
| 700 |
1 |
|
|a Sundarraj, Rangaraja P.
|e editor.
|4 edt
|4 http://id.loc.gov/vocabulary/relators/edt
|
| 710 |
2 |
|
|a SpringerLink (Online service)
|
| 773 |
0 |
|
|t Springer eBooks
|
| 776 |
0 |
8 |
|i Printed edition:
|z 9783319917993
|
| 776 |
0 |
8 |
|i Printed edition:
|z 9783319918013
|
| 830 |
|
0 |
|a Information Systems and Applications, incl. Internet/Web, and HCI ;
|v 10844
|
| 856 |
4 |
0 |
|u https://doi.org/10.1007/978-3-319-91800-6
|z Full Text via HEAL-Link
|
| 912 |
|
|
|a ZDB-2-SCS
|
| 912 |
|
|
|a ZDB-2-LNC
|
| 950 |
|
|
|a Computer Science (Springer-11645)
|